| 000 | 00567cam a22002051 4500 | ||
|---|---|---|---|
| 001 | af 47007135 | ||
| 003 | DLC | ||
| 005 | 20260227110841.0 | ||
| 008 | 890605s1943 be f 000 0 dut c | ||
| 010 | _aaf 47007135 | ||
| 035 | _a(OCoLC)19820454 | ||
| 040 |
_aCalifornia. Univ. Library _cCU _dDLC |
||
| 042 | _apremarc | ||
| 050 | 0 | 0 |
_aPT2647.I33 _bN43 |
| 100 | 1 |
_aWiessalla, Josef, _d1898-1945. |
|
| 245 | 1 | 0 |
_aNiemands land. _c[Vertaald door Paul Lebeau] |
| 260 |
_aAntwerpen, _bDe Eik _c[1943] |
||
| 300 |
_a94 p. _bplates. _c19 cm. |
||
| 700 | 1 |
_aLebeau, Paul, _etr. |
|
| 999 |
_c3853 _d3853 |
||